000
00284nam a22001217a 4500
008
170614b xxu||||| |||| 00| 0 eng d
041
_a
eng
080
_a
94
100
_a
17
101
_a
SHH
245
_a
WESTERN CIVILIZATION FROM 1715 TO THE PRESENT
_c
DOTY,C.S
942
_2
udc
_c
BK
999
_c
17334
_d
17334